[Event "Summer Cup"]
[Site "Wellington Chess Club"]
[Date "2011.02.01"]
[Round "1"]
[White "Gillespie, John"]
[Black "Ker, Anthony"]
[Result "0-1"]
[WhiteElo "1612"]
[BlackElo "2423"]

1. e4 d6 2. d4 Nf6 3. Nc3 g6 4. f3 c6 5. Bd3 b5 6. a3 a6 7. Nge2 e5 8. d5 cxd5
9. Nxd5 Nxd5 10. exd5 Qb6 11. Nc3 Nd7 12. Ne4 Bb7 13. c4 bxc4 14. Bxc4 Rc8 15.
Qa4 Bg7 16. Bd2 Ke7 17. Qb3 a5 18. Be3 Qxb3 19. Bxb3 h6 20. O-O f5 21. Nc3 Ba6
22. Rfc1 Rb8 23. Ba4 Rxb2 24. Bxd7 Kxd7 25. Na4 Rb3 26. Nb6+ Kd8 27. Bf2 e4 28.
Rab1 Rxb1 29. Rxb1 Re8 30. fxe4 Rxe4 31. Re1 Rxe1+ 32. Bxe1 0-1

[Event "Summer Cup"]
[Site "Wellington Chess Club"]
[Date "2011.02.01"]
[Round "1"]
[White "Palmer, Luke"]
[Black "Brockway, Andrew"]
[Result "0-1"]
[WhiteElo "1035"]
[BlackElo "1802"]

1. e4 c5 2. d3 g6 3. Nf3 Bg7 4. Be2 Nc6 5. Be3 Bxb2 6. Nbd2 Bxa1 7. Qxa1 Nf6 8.
e5 Nd5 9. Bh6 f6 10. exf6 Nxf6 11. Bg5 d6 12. Ne4 Rf8 13. O-O Bg4 14. Ned2 Qd7
15. Qe1 O-O-O 16. Bd1 Rde8 17. Nh4 Bxd1 18. Qxd1 Qg4 19. Qxg4+ Nxg4 20. Nhf3
Nge5 21. Bh6 Nxf3+ 22. Nxf3 Rf5 23. h3 Nd4 24. Nxd4 cxd4 25. Bg7 e5 26. Bh6 Re7
27. f3 Rc7 28. Rf2 Rff7 29. Bg5 Rc3 30. Bh4 Rfc7 0-1

[Event "Summer Cup"]
[Site "Wellington Chess Club"]
[Date "2011.02.01"]
[Round "1"]
[White "Pomeroy, Arthur"]
[Black "Sknar, Andrew"]
[Result "1-0"]
[WhiteElo "2098"]
[BlackElo "100"]

1. e4 d5 2. exd5 Qxd5 3. Nc3 Qd8 4. d4 Nc6 5. d5 Nd4 6. Qxd4 f6 7. Nf3 e5 8.
dxe6 Bxe6 9. Bf4 Rc8 10. O-O-O c5 11. Bb5+ Bd7 12. Bxd7+ Qxd7 13. Qxd7# 1-0

[Event "Summer Cup"]
[Site "Wellington Chess Club"]
[Date "2011.02.01"]
[Round "1"]
[White "Sellen, Ian"]
[Black "Drinkwater, Blaise"]
[Result "1-0"]
[WhiteElo "2032"]
[BlackElo "1411"]

1. c4 d5 2. cxd5 Qxd5 3. Nc3 Qa5 4. d4 Nf6 5. e3 Bd7 6. Bd3 g6 7. Bd2 Qb6 8.
Nf3 Bg7 9. Ne5 O-O 10. O-O Qd6 11. Qb3 Bc6 12. Bc4 e6 13. Nb5 Qd8 14. Rad1 Re8
15. Nxc6 Nxc6 16. f3 a6 17. Na3 b5 18. Nxb5 axb5 19. Bxb5 Rb8 20. Qa4 Ra8 21.
Qc4 Na5 22. Bxa5 Rxa5 23. Bxe8 Nxe8 24. a3 Qd5 25. Qxd5 exd5 26. e4 dxe4 27.
fxe4 Ra4 28. e5 Kf8 29. Rf3 Ke7 30. b4 f6 31. exf6+ Bxf6 32. d5 Bb2 33. Rdd3
Kd6 34. Rf2 Rxa3 35. Rxa3 Bxa3 36. Rf8 Ke7 37. Rh8 Nf6 38. Rb8 Nxd5 39. b5 Bc5+
40. Kf1 Bb6 41. Ke1 Kd6 42. Kd2 Kc5 43. Rh8 Nf6 44. Rf8 Ne4+ 45. Ke3 Nd6 46.
Rh8 Kxb5+ 47. Kd3 c5 48. Rxh7 c4+ 49. Kc2 Kb4 50. Rg7 Nb5 51. Rxg6 Na3+ 52. Kd1
Kc3 53. Rxb6 Nc2 54. Re6 Kd3 55. h4 1-0

[Event "Summer Cup"]
[Site "Wellington Chess Club"]
[Date "2011.02.01"]
[Round "1"]
[White "Veldhuizen, Matt"]
[Black "Jackson, Ross"]
[Result "0-1"]
[WhiteElo "1387"]
[BlackElo "2013"]

1. b3 e5 2. Bb2 Nc6 3. e3 d5 4. Bb5 Bd6 5. Ne2 Nf6 6. d3 O-O 7. O-O Ne7 8. c4
c6 9. Ba4 a6 10. b4 Ng6 11. c5 Bc7 12. d4 e4 13. h3 Bb8 14. Ng3 Qc7 15. Re1 Nh4
16. Nd2 Qd7 17. Ndf1 Nxg2 18. Kxg2 Qxh3+ 19. Kg1 Bg4 20. f3 Bxf3 21. Qc2 Bxg3
0-1

[Event "Summer Cup"]
[Site "Wellington Chess Club"]
[Date "2011.02.01"]
[Round "1"]
[White "Wastney, Scott"]
[Black "Marney, John"]
[Result "1-0"]
[WhiteElo "2375"]
[BlackElo "1501"]

1. e4 e5 2. Nf3 Nc6 3. Nc3 Nf6 4. a3 Be7 5. d4 d6 6. Bb5 a6 7. Bxc6+ bxc6 8.
dxe5 Nd7 9. Bf4 dxe5 10. Nxe5 Nxe5 11. Qxd8+ Bxd8 12. Bxe5 f6 13. Bg3 Be6 14.
O-O-O Rc8 15. Rd4 Ke7 16. Na4 Ra8 17. Nc5 Bc8 18. Rhd1 Ra7 19. e5 Rg8 20. Bh4
Kf7 21. Rxd8 Bf5 22. e6+ 1-0

[Event "Summer Cup"]
[Site "Wellington Chess Club"]
[Date "2011.02.01"]
[Round "1"]
[White "Wilkins, Mark"]
[Black "Theodosiou, Andreas"]
[Result "1-0"]
[WhiteElo "1924"]
[BlackElo "1259"]

1. d4 d5 2. c4 Nf6 3. Nc3 e6 4. cxd5 Nxd5 5. e4 Nxc3 6. bxc3 c5 7. Nf3 cxd4 8.
cxd4 b6 9. Bb5+ Bd7 10. Bc4 Bb4+ 11. Bd2 Bxd2+ 12. Qxd2 b5 13. Bd3 Bc6 14. O-O
a6 15. Qb4 Nd7 16. Rfe1 Qe7 17. Qc3 Rc8 18. d5 Bb7 19. Qxg7 Qf6 20. Qg4 Kf8 21.
e5 Qe7 22. d6 Qd8 23. Be4 Rc4 24. Qf4 Rxe4 25. Rxe4 Bxe4 26. Qxe4 h5 27. h4 Rh6
28. Ng5 Kg7 29. Rc1 Qe8 30. Rc3 f5 31. exf6+ Nxf6 32. Rc7+ Nd7 33. Qb7 1-0

[Event "Summer Cup"]
[Site "Wellington Chess Club"]
[Date "2011.02.08"]
[Round "2"]
[White "Bobach, Conrad"]
[Black "Gillespie, John"]
[Result "1/2-1/2"]
[WhiteElo "100"]
[BlackElo "1510"]

1. e4 e5 2. Nc3 Nc6 3. Nf3 d6 4. d3 Nf6 5. Bg5 Be7 6. Be2 h6 7. Be3 O-O 8. Qd2
Ng4 9. Nd5 Nxe3 10. Nxe7+ Nxe7 11. fxe3 Ng6 12. d4 Qe7 13. O-O-O exd4 14. Qxd4
Be6 15. h4 Rfd8 16. Rdg1 c5 17. Qc3 d5 18. h5 Nf8 19. exd5 Bxd5 20. Bc4 Bxc4
21. Qxc4 Qxe3+ 22. Kb1 Ne6 23. Re1 Qf4 24. Re4 Qf5 25. Rhe1 Qd5 26. Qe2 Nd4 27.
Nxd4 cxd4 28. Re5 Qc6 29. Qf2 Rac8 30. g4 d3 31. cxd3 Rc7 32. Re7 Rxe7 33. Rxe7
Qh1+ 34. Re1 Qd5 35. Rd1 Qd4 36. Qf3 b6 37. Qe2 Rd5 38. Qc2 Rc5 39. Qe2 Re5
1/2-1/2

[Event "Summer Cup"]
[Site "Wellington Chess Club"]
[Date "2011.02.08"]
[Round "2"]
[White "Brockway, Andrew"]
[Black "Dive, Russell"]
[Result "0-1"]
[WhiteElo "1803"]
[BlackElo "2460"]

1. e4 Nf6 2. e5 Nd5 3. d4 d6 4. c4 Nb6 5. exd6 cxd6 6. Nc3 g6 7. Be3 Bg7 8. Rc1
O-O 9. Be2 d5 10. b3 dxc4 11. bxc4 Nc6 12. d5 Ne5 13. Ne4 Bf5 14. Ng3 Qd7 15.
Nxf5 Qxf5 16. Qc2 Qxc2 17. Rxc2 Rfc8 18. Bxb6 axb6 19. Nf3 Nxf3+ 20. gxf3 Ra5
21. Bd3 Rca8 22. Ke2 Rxa2 23. Rb1 Bd4 24. Rc1 Kg7 25. f4 f5 26. Kf3 Rxc2 27.
Rxc2 Ra3 28. Rd2 Kf6 29. Kg2 Bc5 30. Bf1 Rb3 31. f3 Bd6 32. Rd3 Rb2+ 33. Kh3
Bxf4 34. Bg2 g5 35. Rd1 h5 36. Re1 Be5 0-1

[Event "Summer Cup"]
[Site "Wellington Chess Club"]
[Date "2011.02.08"]
[Round "2"]
[White "Drinkwater, Blaise"]
[Black "Palmer, Luke"]
[Result "1-0"]
[WhiteElo "1411"]
[BlackElo "1035"]

1. e4 e5 2. Nf3 Nc6 3. Bc4 Nf6 4. Ng5 h6 5. Nxf7 Qe7 6. Nxh8 d6 7. Ng6 Qd8 8.
Nxf8 Kxf8 9. Nc3 Qe7 10. Nd5 Nxd5 11. Bxd5 Nd4 12. c3 Ne6 13. Bxe6 Qxe6 14.
Qf3+ Kg8 15. d4 Bd7 16. O-O Rf8 17. d5 Qe8 18. Qg3 Qh5 19. f4 exf4 20. Bxf4 Kh8
21. Rf2 Qe8 22. Raf1 Bb5 23. Bxh6 Rg8 24. Rf8 Rxf8 25. Qxg7# 1-0

[Event "Summer Cup"]
[Site "Wellington Chess Club"]
[Date "2011.02.08"]
[Round "2"]
[White "Havukkala, Ilkka"]
[Black "Wastney, Scott"]
[Result "0-1"]
[WhiteElo "1700"]
[BlackElo "2375"]

1. d4 d5 2. Nf3 Nf6 3. c4 e6 4. Nc3 Be7 5. Bf4 O-O 6. Qc2 Na6 7. a3 c5 8. e3
cxd4 9. exd4 dxc4 10. Bxc4 Nc7 11. Be5 Ncd5 12. h4 Ng4 13. Ng5 g6 14. Nxh7 Kxh7
15. h5 f5 16. hxg6+ Kxg6 17. Ne2 Bg5 18. f4 Nde3 19. Qc3 Bf6 20. Ng3 Bh4 21.
Rh3 Bd7 22. Ke2 Rc8 23. b3 Bxg3 24. Rxg3 Nxc4 25. bxc4 Qh4 26. Rc1 Bc6 27. c5
Kf7 28. Rf1 Bb5+ 0-1

[Event "Summer Cup"]
[Site "Wellington Chess Club"]
[Date "2011.02.08"]
[Round "2"]
[White "Jackson, Ross"]
[Black "Whittle, Jonathon"]
[Result "1-0"]
[WhiteElo "2013"]
[BlackElo "1635"]

1. d4 g6 2. c4 Bg7 3. e4 d6 4. f4 Nd7 5. Nf3 b6 6. Be2 Bb7 7. Nc3 e6 8. O-O Ne7
9. Qc2 f5 10. e5 d5 11. Ng5 Nf8 12. c5 h6 13. Nf3 Nh7 14. Rb1 a6 15. cxb6 cxb6
16. Bd2 Kf7 17. Rbc1 Rc8 18. Qb3 Rc6 19. Na4 Nc8 20. Rxc6 Bxc6 21. Bxa6 Bxa4
22. Qxa4 Ne7 23. Rc1 g5 24. fxg5 hxg5 25. Nxg5+ Nxg5 26. Bxg5 Rh5 27. Bxe7 Qxe7
28. Bb5 Bh6 29. Rc8 Be3+ 30. Kf1 Qh4 31. Qa7+ 1-0

[Event "Summer Cup"]
[Site "Wellington Chess Club"]
[Date "2011.02.08"]
[Round "2"]
[White "Marney, John"]
[Black "Stoeveken, Peter"]
[Result "1/2-1/2"]
[WhiteElo "1501"]
[BlackElo "1663"]

1. e4 e6 2. d4 d5 3. Nd2 c5 4. c3 Nc6 5. Ngf3 Qb6 6. exd5 exd5 7. Qb3 Nf6 8.
Qxb6 axb6 9. Bb5 Bd6 10. O-O O-O 11. b3 Bg4 12. Bb2 Rfe8 13. a4 Ne4 14. Rfe1
Nxd2 15. Rxe8+ Rxe8 16. Nxd2 Re6 17. h3 Bf5 18. Nf3 Na5 19. dxc5 bxc5 20. Nd2
Bc2 21. Kf1 Nxb3 22. Nxb3 Bxb3 23. Re1 Rxe1+ 24. Kxe1 g6 25. Ke2 f5 26. g4 fxg4
27. hxg4 Kf7 28. a5 Be5 29. a6 bxa6 30. Bxa6 d4 31. cxd4 cxd4 32. Kd3 Be6 33.
Bxd4 Bxd4 34. Kxd4 Bxg4 35. Bb7 Kf6 36. f4 h5 37. Be4 Bf5 38. Bh1 h4 39. Ke3
Kg7 40. Kf2 Kh6 41. Bf3 Kg7 42. Kg2 Kf6 43. Kh2 Ke6 44. Kg2 Kd6 45. Kf2 Kc5 46.
Kg2 Kd4 47. Kf2 Be4 48. Bg4 Bc6 49. Bh3 Bh1 50. Bg2 Bxg2 51. Kxg2 Ke4 52. Kh3
1/2-1/2

[Event "Summer Cup"]
[Site "Wellington Chess Club"]
[Date "2011.02.08"]
[Round "2"]
[White "Nyberg, Michael"]
[Black "Stracy, Don"]
[Result "1-0"]
[WhiteElo "2036"]
[BlackElo "1796"]

1. e4 c5 2. Nf3 e6 3. d4 cxd4 4. Nxd4 Nf6 5. Bd3 Nc6 6. Be3 d5 7. Nd2 dxe4 8.
Nxc6 bxc6 9. Nxe4 Be7 10. O-O O-O 11. Qf3 Bd7 12. Nc5 Nd5 13. Nxd7 Qxd7 14.
Rad1 Qc7 15. Bd4 c5 16. Qe4 g6 17. Be5 Qb6 18. c4 Nb4 19. Bb1 Rad8 20. a3 Nc6
21. Bc3 Rxd1 22. Rxd1 Rd8 23. Rxd8+ Qxd8 24. h3 Qd1+ 25. Kh2 Qd6+ 26. g3 Bf8
27. h4 Be7 28. h5 Bf8 29. hxg6 hxg6 30. Qf3 Bg7 31. Be4 Bxc3 32. Qxc3 Nd4 33.
Kg2 Qe5 34. Bd3 Qd6 35. f3 Qc7 36. b4 Qd6 37. b5 Qb6 38. a4 Qc7 39. a5 f5 40.
Qd2 Qb7 41. Qe3 Kg7 42. Qe5+ Kf7 43. Qe3 Kg7 44. a6 Qc7 45. Qg5 Qd7 46. Qf4 Kf6
47. Qb8 Nxf3 48. Qh8+ Kg5 49. Be2 Ne1+ 50. Kf1 Nf3 51. Bxf3 Qd3+ 52. Be2 Qxg3
53. Qd8+ Kh6 54. Qf8+ Kg5 55. Qxc5 Qh3+ 56. Ke1 Qc3+ 57. Kf2 e5 58. Qe3+ 1-0

[Event "Summer Cup"]
[Site "Wellington Chess Club"]
[Date "2011.02.08"]
[Round "2"]
[White "Roberts, Michael"]
[Black "Sellen, Ian"]
[Result "1/2-1/2"]
[WhiteElo "1622"]
[BlackElo "2032"]

1. d4 d5 2. c4 e6 3. Nf3 Nf6 4. Bg5 Be7 5. Nc3 h6 6. Bxf6 Bxf6 7. e3 O-O 8. Rc1
c6 9. Bd3 Nd7 10. cxd5 exd5 11. O-O Re8 12. b4 Nf8 13. h3 Be6 14. b5 Qd7 15.
bxc6 bxc6 16. Na4 Rab8 17. Nc5 Qd6 18. Nd2 Bxh3 19. gxh3 Rxe3 20. Nf3 Rb2 21.
Bc2 Bxd4 22. Nxd4 Rg3+ 23. fxg3 Qxg3+ 1/2-1/2

[Event "Summer Cup"]
[Site "Wellington Chess Club"]
[Date "2011.02.08"]
[Round "2"]
[White "Turner, Michael"]
[Black "Forster, Bill"]
[Result "1-0"]
[WhiteElo "2088"]
[BlackElo "1990"]

1. Nf3 f5 2. b3 Nf6 3. Bb2 e6 4. g3 Be7 5. Bg2 O-O 6. O-O d6 7. d4 Qe8 8. Nbd2
Nc6 9. c4 a5 10. a3 Qh5 11. Qc2 Bd7 12. Bc3 Rae8 13. b4 axb4 14. axb4 e5 15.
dxe5 Nxe5 16. Ra5 Nc6 17. Raa1 f4 18. b5 Nd8 19. Ra8 Ng4 20. Bb2 fxg3 21. hxg3
Bg5 22. e3 Bf5 23. Qc3 Bf6 24. Qb3 Bxb2 25. Qxb2 Be4 26. Rfa1 (26. Nxe4 Rxe4 (
26... Rxf3 27. Re1 Qh2+ 28. Kf1)  (26... Rxf3 27. Re1 Rff8 28. Qc2) 27. Rc1)  (
26. Re1 Nxf2 27. Kxf2 Bxf3 28. Nxf3 (28. Bxf3 Qh2+ 29. Kf1 Rxf3+ 30. Nxf3 Qxb2)
28... Rxf3+ 29. Bxf3 Qh2+ 30. Bg2 Rf8+) 26... Bxf3 27. Nxf3 Rxf3 28. Rxd8 Qh2+
29. Kf1 Nxe3+ 30. Ke2 Rxd8 (30... Rxf2+ 31. Kd3 (31. Kxf2 Qxg2+ 32. Ke1 Nc2+
33. Kd1 Rxd8 34. Qxc2 Qf1+ 35. Kd2 Qxa1) 31... Rxb2 32. Rxe8+ Kf7 33. Rxe3 Qxg2
) 31. Bxf3 Re8 32. Kd3 Qh6 33. Qd4 Nf5 34. Qd5+ Qe6 35. Qxe6+ Rxe6 36. Bd5 Kf7
37. Re1 1-0

[Event "Summer Cup"]
[Site "Wellington Chess Club"]
[Date "2011.02.15"]
[Round "3"]
[White "Dive, Russell"]
[Black "Jackson, Ross"]
[Result "1-0"]
[WhiteElo "2460"]
[BlackElo "2013"]

1. c4 e5 2. g3 Nf6 3. Bg2 Nc6 4. Nc3 Bc5 5. a3 a6 6. e3 O-O 7. Nge2 Re8 8. O-O
d6 9. d4 Ba7 10. h3 Bf5 11. d5 Ne7 12. e4 Bg6 13. Kh2 Nd7 14. b4 f5 15. exf5
Nxf5 16. Ne4 h6 17. Bb2 Nf6 18. Qd3 Nd4 19. Nxd4 Bxd4 20. Bxd4 exd4 21. Rae1
Qe7 22. Nxf6+ Qxf6 23. Be4 Bxe4 24. Rxe4 Rxe4 25. Qxe4 Qe5 26. Qxe5 dxe5 27.
Kg2 b5 28. Rc1 bxc4 29. Rxc4 Rd8 30. Kf3 Rxd5 31. Rxc7 d3 32. Rc1 d2 33. Rd1
Rd3+ 34. Ke4 Rxa3 35. Rxd2 Rb3 36. Rd8+ Kf7 37. Rd7+ Kg8 38. Rb7 a5 39. b5 a4
40. Kd5 a3 41. Kc6 Rf3 42. Ra7 e4 43. b6 Rf6+ 44. Kc5 Rxf2 45. b7 1-0

[Event "Summer Cup"]
[Site "Wellington Chess Club"]
[Date "2011.02.15"]
[Round "3"]
[White "Forster, Bill"]
[Black "Marney, John"]
[Result "1-0"]
[WhiteElo "1990"]
[BlackElo "1501"]

1. Nf3 Nf6 2. c4 e6 3. g3 d5 4. Bg2 Nbd7 5. O-O Bd6 6. d4 c5 7. b3 O-O 8. Bb2
Qc7 9. Na3 a6 10. Rc1 Re8 11. cxd5 Nxd5 12. Nc4 Be7 13. e4 Nb4 14. a3 Nc6 15.
d5 exd5 16. exd5 Nd4 17. Nxd4 cxd4 18. Bxd4 Qd8 19. Qc2 Bf6 20. Rfd1 Bxd4 21.
Rxd4 Nf6 22. Ne3 b5 23. d6 Ra7 24. Qc5 Rd7 25. Bc6 Bb7 26. Bxd7 Qxd7 27. Qf5
Re6 28. Rc7 Rxe3 29. Qb1 Qh3 30. Rxb7 Ng4 31. Rb8+ 1-0

[Event "Summer Cup"]
[Site "Wellington Chess Club"]
[Date "2011.02.15"]
[Round "3"]
[White "Proctor, Matthew"]
[Black "Havukkala, Ilkka"]
[Result "0-1"]
[WhiteElo "1435"]
[BlackElo "1700"]

1. e4 c5 2. Nf3 Nc6 3. d4 cxd4 4. Nxd4 e6 5. Be3 Nf6 6. Nc3 Bb4 7. Qd3 Qa5 8.
Bd2 O-O 9. Be2 Nxd4 10. Qxd4 Bc5 11. Qd3 Qb6 12. O-O Qxb2 13. Na4 Qd4 14. Qxd4
Bxd4 15. c3 Nxe4 16. cxd4 Nxd2 17. Rfe1 d5 18. Rac1 Bd7 19. Nc5 Bc6 20. Nd3
Rfc8 21. Ne5 Ba4 22. Bh5 g6 23. Bd1 Rxc1 0-1

[Event "Summer Cup"]
[Site "Wellington Chess Club"]
[Date "2011.02.15"]
[Round "3"]
[White "Riley, Tim"]
[Black "Turner, Michael"]
[Result "0-1"]
[WhiteElo "1765"]
[BlackElo "2088"]

1. e4 c5 2. Nc3 g6 3. f4 Bg7 4. Nf3 Nc6 5. Bc4 e6 6. d3 Nge7 7. O-O Na5 8. Bb3
Nxb3 9. axb3 O-O 10. Qe1 d5 11. Qh4 Nc6 12. Qxd8 Rxd8 13. e5 f6 14. Re1 Bd7 15.
Bd2 b6 16. Nd1 a5 17. Nf2 fxe5 18. Nxe5 Nxe5 19. fxe5 Rf8 20. Nh3 Rf5 21. Bf4
Raf8 22. Bg3 Bc6 23. Nf2 h5 24. c3 g5 25. h3 h4 26. Bh2 Rxf2 0-1

[Event "Summer Cup"]
[Site "Wellington Chess Club"]
[Date "2011.02.15"]
[Round "3"]
[White "Roberts, Michael"]
[Black "Nyberg, Michael"]
[Result "0-1"]
[WhiteElo "1622"]
[BlackElo "2032"]

1. d4 Nf6 2. c4 c5 3. d5 d6 4. Nc3 e5 5. e4 Nbd7 6. Nf3 Be7 7. Be2 Nf8 8. O-O
Ng6 9. Ne1 Qb6 10. Nd3 a6 11. a4 h5 12. a5 Qc7 13. f3 Bd7 14. Be3 h4 15. b4 h3
16. g3 cxb4 17. Nxb4 Nh5 18. Bb6 Qc8 19. Qd2 Bd8 20. Be3 O-O 21. Nd3 f5 22.
exf5 Bxf5 23. Ne4 Qd7 24. c5 Bxe4 25. fxe4 Nf6 26. Bf3 Rc8 27. cxd6 Qxd6 28.
Rac1 Rxc1 29. Qxc1 Bxa5 30. Bc5 Bb6 31. Qe3 Nd7 32. Bxb6 Nxb6 33. Rc1 Qf6 34.
Bg4 Nc4 35. Be6+ Qxe6 36. Rxc4 Qg4 37. Rc1 Rf3 0-1

[Event "Summer Cup"]
[Site "Wellington Chess Club"]
[Date "2011.02.15"]
[Round "3"]
[White "Sellen, Ian"]
[Black "Pomeroy, Arthur"]
[Result "1/2-1/2"]
[WhiteElo "2032"]
[BlackElo "2098"]

1. c4 g6 2. Nc3 Bg7 3. g3 d6 4. Bg2 Nc6 5. e3 e5 6. Nge2 h5 7. h4 Bg4 8. Qa4
Ne7 9. d4 exd4 10. Nxd4 O-O 11. Nxc6 Nxc6 12. O-O Ne5 13. f4 Nd3 14. Qc2 Nxc1
15. Raxc1 c6 16. Kh2 Qb6 17. Rfe1 Rfe8 18. Qd2 Re6 19. Ne4 Qxb2 20. Qxb2 Bxb2
21. Rb1 Bg7 22. Rxb7 Rae8 23. Nf2 Rxe3 24. Rxe3 Rxe3 25. Nxg4 hxg4 26. Rxa7 Bd4
27. Ra8+ Kg7 28. Bxc6 Re2+ 1/2-1/2

[Event "Summer Cup"]
[Site "Wellington Chess Club"]
[Date "2011.02.15"]
[Round "3"]
[White "Stoeveken, Peter"]
[Black "Drinkwater, Blaise"]
[Result "1-0"]
[WhiteElo "1663"]
[BlackElo "1411"]

1. d4 d5 2. c4 e6 3. Nf3 Nf6 4. Bg5 Nbd7 5. Nc3 c6 6. e3 Qa5 7. a3 Ne4 8. Qc2
Nxg5 9. Nxg5 Be7 10. Nf3 O-O 11. Bd3 dxc4 12. Bxc4 Re8 13. h4 Qh5 14. Ne4 Kf8
15. Be2 h6 16. Ne5 Qf5 17. g4 Qh7 18. Nf3 Nf6 19. Nfd2 Nxg4 20. Bxg4 f5 21. Ng3
Kg8 22. Be2 Bd6 23. O-O-O e5 24. Nc4 Bc7 25. dxe5 Be6 26. Nd6 Bxd6 27. Rxd6
Rad8 28. Rhd1 g6 29. Rxd8 Rxd8 30. Rxd8+ 1-0

[Event "Summer Cup"]
[Site "Wellington Chess Club"]
[Date "2011.02.15"]
[Round "3"]
[White "Van der Hoorn, Mark"]
[Black "Wilkins, Mark"]
[Result "1-0"]
[WhiteElo "2147"]
[BlackElo "1924"]

1. d4 Nf6 2. c4 e6 3. Nc3 Bb4 4. f3 c5 5. a3 Bxc3+ 6. bxc3 Nc6 7. e4 Nxe4 8.
fxe4 Qh4+ 9. g3 Qxe4+ 10. Kf2 Qxh1 11. Nf3 Ne7 12. Qe2 Nf5 13. Bg2 Qxg2+ 14.
Kxg2 b6 15. g4 Ne7 16. Qe4 d5 17. cxd5 Bb7 18. c4 O-O 19. dxc5 Rfe8 20. Ng5 Ng6
21. c6 exd5 22. Qxd5 Ba6 23. Nxf7 1-0

[Event "Summer Cup"]
[Site "Wellington Chess Club"]
[Date "2011.02.15"]
[Round "3"]
[White "Wastney, Scott"]
[Black "Ker, Anthony"]
[Result "1-0"]
[WhiteElo "2375"]
[BlackElo "2432"]

1. e4 d6 2. d4 Nf6 3. Nc3 g6 4. f4 Bg7 5. Nf3 c5 6. dxc5 Qa5 7. Qd4 O-O 8. cxd6
Nc6 9. Qd2 exd6 10. Bd3 Re8 11. O-O Bg4 12. Qf2 Nb4 13. h3 Bd7 14. a3 Nxd3 15.
cxd3 Bc6 16. Be3 Qa6 17. Rad1 b6 18. Nd4 Rac8 19. Nxc6 Rxc6 20. Bd4 Qb7 21. f5
g5 22. Bxf6 Bxf6 23. Nd5 Kg7 24. Nxf6 Kxf6 25. Qf3 h6 26. Rc1 Rec8 27. d4 Qd7
28. Rce1 Re8 29. Qh5 Kg7 30. h4 gxh4 31. Rf4 Rh8 32. Qxh4 Qd8 33. Rg4+ Kh7 34.
f6 Rg8 35. e5 d5 36. Re3 Rc1+ 37. Kh2 Rxg4 38. Qxg4 Qg8 39. Qd7 Qg6 40. Qxd5
Rf1 41. Qe4 Rf5 42. Kg1 h5 43. Rf3 Rxf6 44. Qxg6+ Rxg6 45. Rxf7+ Kh6 46. Rxa7
h4 47. Rd7 Rg4 48. Kf2 Kg6 49. a4 Kf5 50. b4 Rg3 51. Rd6 Ra3 52. e6 Rxa4 53. e7
Ra2+ 54. Ke3 Ra3+ 55. Ke2 Ra2+ 56. Kd3 Ra3+ 57. Kc4 Re3 58. Rd5+ Kf6 59. Re5
Rxe5 60. dxe5+ Kxe7 61. Kd5 b5 62. e6 Ke8 63. Kd6 Kd8 64. Kc5 Ke7 65. Kxb5 Kxe6
66. Kc4 Ke5 67. Kd3 Kd5 68. Ke3 Kc4 69. Kf4 Kxb4 70. Kg4 h3 71. gxh3 Kc5 72.
Kf5 Kd6 73. Kf6 1-0

[Event "Summer Cup"]
[Site "Wellington Chess Club"]
[Date "2011.02.15"]
[Round "3"]
[White "Whittle, Jonathon"]
[Black "Brockway, Andrew"]
[Result "1/2-1/2"]
[WhiteElo "1635"]
[BlackElo "1803"]

1. e4 c5 2. Nf3 g6 3. d3 Bg7 4. g3 Nc6 5. Bg2 Nf6 6. O-O d6 7. Nbd2 O-O 8. c3
Bg4 9. Re1 Qd7 10. Nf1 h6 11. Ne3 Bh3 12. Bh1 Nh7 13. Nh4 e5 14. Bf3 Be6 15.
Ng4 g5 16. Nf5 Bxf5 17. exf5 Qxf5 18. Be4 Qd7 19. Ne3 Ne7 20. g4 d5 21. Bf5
Nxf5 22. Nxf5 Rfe8 23. Qf3 Nf6 24. h4 e4 25. dxe4 Rxe4 26. Rxe4 Nxe4 27. Kg2
Re8 28. hxg5 Nxg5 29. Bxg5 hxg5 30. Rh1 Qe6 31. Rh5 f6 32. Nh6+ Bxh6 33. Rxh6
Kg7 34. Qh3 Qe4+ 35. Kg1 1/2-1/2

[Event "Summer Cup"]
[Site "Wellington Chess Club"]
[Date "2011.02.22"]
[Round "4"]
[White "Brockway, Andrew"]
[Black "Roberts, Michael"]
[Result "1-0"]
[WhiteElo "1803"]
[BlackElo "1622"]

1. e4 e6 2. d4 d5 3. Nd2 dxe4 4. Nxe4 Nd7 5. Nf3 Ngf6 6. Bg5 Be7 7. Nxf6+ Nxf6
8. c3 O-O 9. Bd3 h6 10. Bh4 Nd5 11. Bxe7 Qxe7 12. O-O c5 13. Re1 cxd4 14. Nxd4
Bd7 15. Be4 Qc5 16. Bf3 Bc6 17. Rc1 Rfd8 18. Re5 Qd6 19. Nxc6 bxc6 20. Qe1 Rab8
21. Rc2 Nf4 22. Re3 c5 23. Be2 Qd5 24. Bf3 Qxa2 25. Rd2 Rxd2 26. Qxd2 Qxb2 27.
Qe1 Qb1 28. g3 Qxe1+ 29. Rxe1 Nd3 30. Rd1 c4 31. Ra1 Rb7 32. Ra4 Rc7 33. Kf1
Kf8 34. Be2 Ne5 35. Ke1 Ke7 36. Kd1 Kf6 37. Kd2 Rd7+ 38. Ke3 Kf5 39. Bxc4 Ng4+
40. Ke2 Nxh2 41. Bd3+ Kf6 42. Rh4 Rxd3 43. Kxd3 1-0

[Event "Summer Cup"]
[Site "Wellington Chess Club"]
[Date "2011.02.22"]
[Round "4"]
[White "Gillespie, John"]
[Black "Celeski, Stefan"]
[Result "1-0"]
[WhiteElo "1510"]
[BlackElo "100"]

1. e4 e5 2. Nf3 Nc6 3. Bb5 Qf6 4. O-O b6 5. Bxc6 Qxc6 6. Nxe5 Qxe4 7. Re1 Qd5
8. Nc3 Qb7 9. Qh5 Nh6 10. Nxf7+ Be7 11. Nxh8+ Kd8 12. Nf7+ Nxf7 13. Qxf7 c6 14.
Qxe7+ Kc7 15. d4 c5 16. Bf4+ Kc6 17. d5# 1-0

[Event "Summer Cup"]
[Site "Wellington Chess Club"]
[Date "2011.02.22"]
[Round "4"]
[White "Havukkala, Ilkka"]
[Black "Forster, Bill"]
[Result "0-1"]
[WhiteElo "1700"]
[BlackElo "1990"]

1. e4 c5 2. Nf3 Nc6 3. d4 cxd4 4. Nxd4 g6 5. Bc4 Bg7 6. Be3 Nf6 7. Nxc6 bxc6 8.
Nd2 O-O 9. e5 Nd5 10. Bxd5 cxd5 11. f4 d6 12. Bd4 dxe5 13. fxe5 f6 14. Qf3 fxe5
15. Qg3 exd4 16. h4 Bf5 17. h5 Qb8 18. Qg5 Qe5+ 19. Kd1 Bxc2+ 0-1

[Event "Summer Cup"]
[Site "Wellington Chess Club"]
[Date "2011.02.22"]
[Round "4"]
[White "Jackson, Ross"]
[Black "Sellen, Ian"]
[Result "0-1"]
[WhiteElo "2013"]
[BlackElo "2032"]

1. d4 d5 2. c4 e6 3. Nc3 Nf6 4. cxd5 exd5 5. Bg5 Be7 6. e3 O-O 7. Qc2 c6 8. Bd3
Bg4 9. Bxf6 Bxf6 10. Bxh7+ Kh8 11. h3 Be6 12. Bf5 Nd7 13. Nge2 Nb6 14. Bxe6
fxe6 15. Nf4 Re8 16. O-O-O Rc8 17. Kb1 Nc4 18. Qe2 c5 19. Ng6+ Kg8 20. Rd3 Qa5
21. Rc1 b5 22. Ka1 b4 23. Nb1 cxd4 24. exd4 b3 25. Rxb3 Bxd4 26. Nc3 Rc6 27.
Nf4 Rec8 28. Qd3 Be5 29. Ng6 Bf6 30. Kb1 Rb6 0-1

[Event "Summer Cup"]
[Site "Wellington Chess Club"]
[Date "2011.02.22"]
[Round "4"]
[White "Nyberg, Michael"]
[Black "Van der Hoorn, Mark"]
[Result "1/2-1/2"]
[WhiteElo "2036"]
[BlackElo "2147"]

1. d4 d5 2. g3 Nf6 3. Bg2 e6 4. Nf3 Be7 5. Bg5 h6 6. Bf4 Nbd7 7. c3 O-O 8. O-O
c6 9. Re1 Ne4 10. Nfd2 g5 11. Be3 f5 12. f3 f4 13. Bxf4 gxf4 14. fxe4 fxg3 15.
hxg3 Qc7 16. e5 Nxe5 17. dxe5 Qb6+ 18. e3 Qxb2 19. Qh5 Kh7 20. Bf1 Qc2 21. Nf3
Bd7 22. Nbd2 Qxc3 23. Rac1 Qa3 24. Nb3 Rg8 25. Bd3+ Kg7 26. Qg6+ Kf8 27. Qxh6+
Ke8 28. Bg6+ Kd8 29. Rc2 Kc7 30. Nbd4 Qa5 31. Qh7 Bb4 32. Nxe6+ Kb6 33. Qxd7
Rxg6 34. Qc7+ Ka6 35. Nc5+ Bxc5 36. Qxa5+ Kxa5 37. Rxc5+ Kb6 38. Rc2 Rxg3+ 39.
Kf2 Rag8 40. Nd4 Rg2+ 41. Kf3 R2g3+ 42. Ke2 Re8 43. e6 Rg2+ 44. Kd3 Rxc2 45.
Kxc2 c5 46. Rb1+ Ka6 47. Nb5 Re7 48. Kd3 b6 49. a4 Ka5 50. Rf1 Rxe6 51. Nc3 Rd6
52. Rf5 d4 53. Nb5 Rd7 54. exd4 a6 55. Nc3 1/2-1/2

[Event "Summer Cup"]
[Site "Wellington Chess Club"]
[Date "2011.02.22"]
[Round "4"]
[White "Pomeroy, Arthur"]
[Black "Stoeveken, Peter"]
[Result "1/2-1/2"]
[WhiteElo "2098"]
[BlackElo "1663"]

1. e4 e6 2. d4 d5 3. Nc3 Bb4 4. e5 c5 5. a3 Ba5 6. b4 cxb4 7. Nb5 bxa3+ 8. c3
Bc7 9. Qg4 g6 10. Bxa3 a6 11. Nd6+ Bxd6 12. Bxd6 Nh6 13. Qf3 Nf5 14. Ba3 Nc6
15. g4 Nfxd4 16. cxd4 Qa5+ 17. Kd1 Qa4+ 18. Kd2 Nxd4 19. Qf6 Qc2+ 20. Ke3 Qe4+
21. Kd2 Qc2+ 22. Ke3 Qe4+ 23. Kd2 Qc2+ 1/2-1/2